000 01068nam a22003377a 4500
001 BR0700395
003 BR-BrBNA
005 20230928102333.0
007 ta
008 230509b bl.||||| |||| 00| 0 por d
040 _aBR-BrBNA
_bpor
_cBiblioteca Nacional de Agricultura
041 _a(Por)
072 _aF70; P01
090 _ F70 BR0700395
100 1 _aOliveira, M.C. de
110 1 _aUniversidade Federal de Lavras, MG (Brasil)
_0Tese (Mestrado)
245 1 _aAvaliação dos impactos de sistemas de manejo sustentável na diversidade e estrutura da flora de um cerrado sensu stricto
260 3 _aLavras, MG (Brasil):
_c2006.
300 _a119 p.
500 _aSummaries (Eng, Por); Several bibliography; 14 tables; 5 illus.
650 _aIMPACTO AMBIENTAL
650 _aFLORA
650 _aCOMPOSIÇÃO BOTÂNICA
650 _aDESENVOLVIMENTO SUSTENTÁVEL
650 _aESTRUTURA VEGETAL
650 _aVARIAÇÃO GENÉTICA
650 _aCONTROLE AMBIENTAL
650 _aCERRADO
909 _a202309
_bLucia
_c55
_dLucia Elande
942 _cBK
999 _c70259
_d70259